000 01306nam a2200349 i 4500
001 000049167
003 DO-SdBNP
005 20240417195416.0
007 ta
008 190724s2005 dr 000 0 spa d
040 _aDO-SdBNP
_bspa
_cBNPHU
_erda
082 4 _a323
_bR426p
_222
110 1 _aRepública Dominicana.
_bSecretaría de Estado de Interior y Policía.
_bPlan de Seguridad Democrática.
_bVoluntariado de la Garantía de los Derechos Ciudadanos.
_954546
245 0 0 _aConvención interamericana para prevenir y sancionar la tortura
264 _aSanto Domingo :
_bPlan de Seguridad Democrática,
_c2005.
300 _a16 paginas ;
_c15 cm.
336 _2rdacontent
_atexto
_btxt
337 _2rdamedia
_asin mediación
_bn
338 _2rdacarrier
_avolumen
_bnc
490 1 _aDerechos ciudadanos
_v9
500 _aTítulo tomado de la cubierta
590 _aInventariado, 2023/DG
650 0 _aDerecho civil
_95702
650 4 _aDerechos humanos (Derecho internacional)
_950376
650 4 _aTortura
_983902
650 4 _aProcesos por tortura
_983903
650 4 _aViolación de los derechos humanos
_930684
710 2 _aSecretaría de Estado de Interior y Policía (República Dominicana)
_976495
900 _aValidado. Control de calidad MFF
910 _aDG
942 _2ddc
_cLF2
999 _c54279
_d54279